000 00838cam a22002897a 4500
003 CHAP
005 20220329141421.0
008 971013s r 00010 d
010 _a67810
011 _a68782
035 _a78256
040 _cCHAP
090 _aR-3004
100 0 0 _aGarcía M., Fernando de J.
_946236
245 0 _aFortificación de galletas
500 _aSobretiro de : Pan 27(324), 1980
590 _aBATCH-UPD
_b10
_c20130110
_lUCH01
_h0123
590 _aBATCH-UPD
_b10
_c20130110
_lUCH01
_h0651
590 _aBATCH-UPD
_b10
_c20130409
_lUCH01
_h2118
590 _aBATCH-UPD
_b10
_c20130914
_lUCH01
_h1529
590 _aCONVERSION
_b10
_c20130109
_lUCH01
_h1337
650 1 4 _aGalletas.
_944431
650 1 4 _aHarina de soya.
_952729
901 _aBK
942 _cREIMP
949 _aR-3004
_bBC
_cR
_d-31130
_eTS1
_i78256
_si
999 _c67810
_d67810